Elements of chemistry: theoretical and practical (Record no. 127005)
[ view plain ]
| 000 -LEADER | |
|---|---|
| fixed length control field | 00468nam a2200181Ia 4500 |
| 008 - FIXED-LENGTH DATA ELEMENTS--GENERAL INFORMATION | |
| fixed length control field | 210210b1878 xxu||||| |||| 00| 0 eng d |
| 082 ## - DEWEY DECIMAL CLASSIFICATION NUMBER | |
| Classification number | 543/134 |
| 100 ## - MAIN ENTRY--PERSONAL NAME | |
| Personal name | MILLER (William Allen) |
| 245 ## - TITLE STATEMENT | |
| Title | Elements of chemistry: theoretical and practical |
| 260 ## - PUBLICATION, DISTRIBUTION, ETC. | |
| Place of publication, distribution, etc. | London |
| Name of publisher, distributor, etc. | Longman Green & Co Ltd., |
| Date of publication, distribution, etc. | 1878 |
| 300 ## - PHYSICAL DESCRIPTION | |
| Extent | 1005 |
| 650 ## - SUBJECT ADDED ENTRY--TOPICAL TERM | |
| Topical term or geographic name entry element | theoretical |
| 650 ## - SUBJECT ADDED ENTRY--TOPICAL TERM | |
| Topical term or geographic name entry element | practical |
| 650 ## - SUBJECT ADDED ENTRY--TOPICAL TERM | |
| Topical term or geographic name entry element | Elements |
| 650 ## - SUBJECT ADDED ENTRY--TOPICAL TERM | |
| Topical term or geographic name entry element | chemistry: |
| 690 ## - LOCAL SUBJECT ADDED ENTRY--TOPICAL TERM (OCLC, RLIN) | |
| Topical term or geographic name as entry element | Chemistry |
| 906 ## - LOCAL DATA ELEMENT F, LDF (RLIN) | |
| a | 009546 |
| Withdrawn status | Lost status | Damaged status | Not for loan | Collection code | Home library | Current library | Shelving location | Date acquired | Cost, normal purchase price | Total Checkouts | Full call number | Barcode | Date last seen | Price effective from | Koha item type |
|---|---|---|---|---|---|---|---|---|---|---|---|---|---|---|---|
| St Aloysius Library | St Aloysius Library | 02/17/2021 | 0.00 | 543/134 | 009546 | 02/17/2021 | 02/17/2021 | Book |